Toutes les vidéos Youtube de Vous-Savez-Qui - Statistiques

Statistiques générales
  • Ce quiz a été pris 5 fois
  • Le résultat moyen est 2 sur 126
Statistiques - réponses
Réponse % Correct
Mes 7 personnages préférés
67%
Le vrai début de Harry Potter à l'école des sorciers
33%
Top 7 des meilleurs couples
33%
Top 7 des pires personnages
33%
Vos 7 personnages préférés
33%
10 chapitres coupés des films Harry Potter
0%
20 personnages absents des films Harry Potter
0%
20 potions méconnues
0%
20 sortilèges méconnus
0%
5 personnages importants sans patronus
0%
5 personnages importants sans patronus 2
0%
7 choses qui devraient être interdite dans Harry Potter
0%
7 fois où Dumbledore a eu tort
0%
7 fois où Hagrid a eu tort
0%
7 fois où Harry Potter a été un héros
0%
7 fois où Hermione a été brillante
0%
7 fois où Hermione a eu tort
0%
7 fois où Hermione a frôlé la mort
0%
7 fois où Mcgonagall a eu tort
0%
7 fois où Rogue a été un héros
0%
7 fois où Ron a eu tort
0%
7 fois où Ron Weasley à été un héros
0%
7 fois où Severus rogue a eu tort
0%
7 gentils qui ont mal agit
0%
7 gryffondors méconnus
0%
7 idées jamais vues dans la saga Harry Potter
0%
7 idées reçues sur Harry Potter qu'il faut bannir
0%
7 idées reçues sur Harry Potter qu'il faut bannir 2
0%
7 méchants qui ont fait une bonne action
0%
7 morts oubliés
0%
7 personnages jamais vu
0%
7 personnages qui auraient fait de bons professeurs
0%
7 personnages qui ont connu pire que la mort
0%
7 personnages qui ont failli mourir
0%
7 Poufsouffles importants
0%
7 questions sans réponses sur le golden trio
0%
7 questions sans réponse sur Dumbledore
0%
7 questions sans réponse sur Voldemort
0%
7 serdaigles importants
0%
7 Serpentards qui n'ont pas mal tourné
0%
7 spin-off Harry Potter qui ont du potentiel
0%
7 stars qui ont refusé de jouer dans Harry Potter
0%
7 stars refusées au casting des films Harry Potter
0%
Ce que nous n'avons jamais vu dans les films Harry Potter
0%
Ce que nous n'avons jamaus vu dans les films Harry Potter 2
0%
Comment les Dursley ont maltraité Harry Potter
0%
Découvrez la griffe de Maho, une illustratrice potterhead
0%
Découvrez Wizard'sAcademy
0%
Dumbledore a-t-il ruiné les films Animaux Fantastiques ?
0%
La coupe des 4 maisons - 1ère édition - 5 jeux Harry Potter
0%
La coupe des 4 maisons années 1 à 3 - 7 jeux Harry Potter
0%
La coupe des 4 maisons - Le making-of
0%
L'acteur/actrice préféré.e des abonnés feat Marine au Terrier
0%
Le coupe des 4 maisons années 4 et 5 (8 jeux Harry Potter)
0%
Le dessin Harry Potter des 100 000 abonnés
0%
Le personnage préféré des abonnés feat Nini 9 3/4
0%
L'épreuve ultime d'Hermione dans Harry Potter à l'école des sorciers
0%
Les 15 meilleurs répliques d'Albus Dumbledore
0%
Les 20 meilleures répliques
0%
Les 20 meilleures scènes
0%
Les 20 meilleurs sortilèges d'attaques
0%
Les 20 meilleurs sortilèges de défense
0%
Les 20 répliques les plus drôles dans les films Harry Potter
0%
Les 20 répliques les plus drôles dans les livres Harry Potter
0%
Les 7 créatures magiques les plus puissantes
0%
Les 7 mages noirs les plus puissants
0%
Les 7 meilleurs chapitres coupés des films Harry Potter
0%
Les 7 meilleurs chapitres coupés des films Harry Potter 2
0%
Les 7 meilleurs chapitres coupés des films Harry Potter 3
0%
Les 7 meilleurs improvisations dans les films Harry Potter
0%
Les scènes coupées de Drago Malefoy et Neville Londubat
0%
Le tournoi des trois sorciers 1 feat Felix Felicis, Sirius Patmol et il était une moldue
0%
Le tournoi des trois sorciers 2 feat Nini 9 3/4, Marine au Terrier et Laetitia Beaujard
0%
L'histoire de Tom Felton avec Harry Potter
0%
Mes 7 personnages préférés dans les Animaux Fantastiques
0%
Mon top 7 des films
0%
On teste de maître des sorts, le jeu Harry Potter
0%
On teste épreuves des sorciers le jeu Harry Potter
0%
On teste une année à Poudlard, le jeu 100% Harry Potter
0%
Pourquoi la scène coupée de Drago Malefoy n'a aucun sens
0%
Quel est le meilleur fan film Harry Potter ?
0%
Qui a gagné le combat entre Dumbledore et Voldemort dans Harry Potter
0%
Qui aurait gagné le tournoi des 3 sorciers ?
0%
The house of gaunt trailer réaction et analyse
0%
Top 50 des plus belles musiques des films Harry Potter
0%
Top 7 de mes chapitres préférés
0%
Top 7 des animaux fantastiques les plus méconnus du monde d'Harry Potter
0%
Top 7 des héros trop oubliés
0%
Top 7 des jeunes sorciers les plus puissants
0%
Top 7 des meilleures scènes coupées des films Harry Potter
0%
Top 7 des meilleures théories
0%
Top 7 des meilleures théories Harry Potter feat Xionixes
0%
Top 7 des meilleures uchronies
0%
Top 7 des meilleurs acteurs adultes
0%
Top 7 des meilleurs aurors
0%
Top 7 des meilleurs changements dans les films Harry Potter
0%
Top 7 des meilleurs combats fictifs
0%
Top 7 des meilleurs couples fictifs
0%
Top 7 des meilleurs Fan Films Harry Potter
0%
Top 7 des meilleurs jeunes acteurs
0%
Top 7 des meilleurs Mangemorts
0%
Top 7 des meilleurs professeurs de Poudlard
0%
Top 7 des meilleurs sets lego
0%
Top 7 des personnages absents des films Harry Potter
0%
Top 7 des personnages dans la mauvaise maison
0%
Top 7 des personnages importants sans maison à Poudlard
0%
Top 7 des personnages sous-côtés
0%
Top 7 des personnages sous-exploités dans les films Harry Potter
0%
top 7 des pires changements dans les films Harry Potter
0%
Top 7 des pires morts
0%
Top 7 des pires scènes
0%
Top 7 des plus belles amitiés dans Harry Potter
0%
Top 7 des plus grandes erreurs de Voldemort
0%
Top 7 des plus grandes erreurs d'Harry
0%
Top 7 des plus grandes rivalités
0%
Top 7 des plus grands combats
0%
Top 7 des potions les plus puissantes
0%
Top 7 des questions sans réponse dans Harry Potter feat il était une moldue
0%
Top 7 des questions sans réponse dans les films Harry Potter
0%
Top 7 des questions sans réponse dans les films Harry Potter 2
0%
Top 7 des questions sans réponse dans les films Harry Potter 3
0%
Top 7 des sorciers les plus puissants
0%
Top 7 des sortilèges les plus puissants
0%
Top 7 du meilleur d'Hogwarts Legacy
0%
Trelawney, arnaque ou une vraie voyante ?
0%
Votre top 7 des films
0%
Aucun quiz correspondant
Distribution des résultats
% des personnes avec chaque résultat
Percentile par nombre de réponses
Votre historique - résultats
Vous n’avez pas pris ce quiz